| 000 | 00873nam a22001937a 4500 | ||
|---|---|---|---|
| 005 | 20241129144104.0 | ||
| 010 | _aHIN-128692 | ||
| 020 |
_a9789394071018 _c600.00 |
||
| 035 | _aHN-101038 | ||
| 037 | _bDBAD | ||
| 082 | _a954.02 | ||
| 100 |
_aझा, नन्द कुमार _974405 |
||
| 245 |
_aसन 1857: _bप्रथम जनक्रांति के दावानल/ _cनन्द कुमार झा |
||
| 250 | _aप्रथम | ||
| 260 |
_aदिल्ली _bविकल्प प्रकाशन _c2022 |
||
| 270 |
_a2226/बी, प्रथम तल, गली नं.-33, पहला पुस्ता, सोनिया विहार _bदिल्ली _e110090 _k9211559886 _k8287674809 |
||
| 300 |
_a200 पृ. _c22 सेमी (सजिल्द) |
||
| 942 |
_2ddc _cHN _h954.02 _mझानन्द |
||
| 999 |
_c207243 _d207243 |
||